B’zシングル - Statistics

General Stats
  • This quiz has been taken 98 times
  • The average score is 23 of 57
Answer Stats
発売順 曲名 % Correct
31st ultra soul
93%
18th LOVE PHANTOM
84%
46th イチブトゼンブ
76%
12th 愛のままにわがままに 僕は君だけを傷つけない
69%
5th 太陽のKomachi Angel
64%
39th OCEAN
64%
27th 今夜月の見える丘に
60%
9th ALONE
60%
26th ギリギリchop
58%
38th 愛のバクダン
56%
40th 衝動
56%
11th ZERO
56%
10th BLOWIN'
49%
6th Easy Come, Easy Go!
49%
13th 裸足の女神
47%
4th BE THERE
47%
8th LADY NAVIGATION
47%
21st FIREBALL
44%
19th ミエナイチカラ 〜INVISIBLE ONE〜
44%
29th juice
44%
25th HOME
42%
15th MOTEL
42%
42nd SPLASH!
42%
51st 有頂天
40%
1st だからその手を離して
38%
24th さまよえる蒼い弾丸
38%
36th BANZAI
38%
22nd Calling
38%
17th love me, I love you
38%
34th IT'S SHOWTIME!!
36%
2nd 君の中で踊りたい
33%
33rd 熱き鼓動の果て
33%
37th ARIGATO
33%
32nd GOLD
33%
23rd Liar! Liar!
33%
28th May
33%
16th ねがい
31%
46th DIVE
31%
14th Don't Leave Me
31%
3rd LADY-GO-ROUND
31%
20th Real Thing Shakes
31%
52nd RED
31%
43rd 永遠の翼
29%
7th 愛しい人よGood Night...
29%
19th MOVE
29%
47th MY LONELY TOWN
29%
30th RING
29%
41st ゆるぎないものひとつ
27%
53rd 声明
27%
49th Don't Wanna Lie
27%
53rd Still Alive
27%
48th さよなら傷だらけの日々よ
24%
45th BURN -フメツノフェイス-
24%
44th SUPER LOVE SONG
24%
50th GO FOR IT, BABY -キオクの山脈-
22%
54th STARS
22%
35th 野性のENERGY
20%
No matching quizzes found
Score Distribution
Percent of People with Each Score
Percentile by Number Answered
Your Score History
You have not taken this quiz